ARRUPE JESUIT UNIVERSITY

CORONAVIRUS -STOP THE SPREAD - CLEAN,DISINFECT,COVER

Drama and the teacher. (Record no. 122446)

MARC details
000 -LEADER
fixed length control field 00837nam a2200289 4500
001 - CONTROL NUMBER
control field 1267027
003 - CONTROL NUMBER IDENTIFIER
control field ARRUPE
005 - DATE AND TIME OF LATEST TRANSACTION
control field 20150313150051.0
008 - FIXED-LENGTH DATA ELEMENTS--GENERAL INFORMATION
fixed length control field 741023s1974 enka b 001 0 eng
010 ## - LIBRARY OF CONGRESS CONTROL NUMBER
LC control number 74185854
015 ## - NATIONAL BIBLIOGRAPHY NUMBER
National bibliography number GB***
020 ## - INTERNATIONAL STANDARD BOOK NUMBER
International Standard Book Number 0273317636
-- 027331761X (pbk.)
040 ## - CATALOGING SOURCE
Original cataloging agency DLC
Transcribing agency DLC
Modifying agency DLC
050 00 - LIBRARY OF CONGRESS CALL NUMBER
Classification number PN3171
Item number .B64
082 00 - DEWEY DECIMAL CLASSIFICATION NUMBER
Classification number 792/.07
300 ## - PHYSICAL DESCRIPTION
Other physical details illus.
Dimensions 19 cm.
100 1# - MAIN ENTRY--PERSONAL NAME
Personal name Bowskill, Derek.
9 (RLIN) 16350
245 10 - TITLE STATEMENT
Title Drama and the teacher.
Statement of responsibility, etc Derek Bowskill
260 ## - PUBLICATION, DISTRIBUTION, ETC. (IMPRINT)
Place of publication, distribution, etc [London,
-- New York]
Name of publisher, distributor, etc Pitman
Date of publication, distribution, etc [1974]
300 ## - PHYSICAL DESCRIPTION
Extent viii, 159 p.
350 ## - PRICE (NR) (BK AM CF MU VM SE) [OBSOLETE]
Price £1.80
490 0# - SERIES STATEMENT
Series statement Pitman education library
504 ## - BIBLIOGRAPHY, ETC. NOTE
Bibliography, etc Bibliography: p. 147-150.
650 #0 - SUBJECT ADDED ENTRY--TOPICAL TERM
Topical term or geographic name as entry element Drama in education.
9 (RLIN) 16351
650 #0 - SUBJECT ADDED ENTRY--TOPICAL TERM
Topical term or geographic name as entry element Drama
General subdivision Study and teaching.
9 (RLIN) 16352
906 ## - LOCAL DATA ELEMENT F, LDF (RLIN)
a 7
b cbc
c orignew
d 3
e ncip
f 19
g y-gencatlg
942 ## - ADDED ENTRY ELEMENTS (KOHA)
Source of classification or shelving scheme Library of Congress Classification
Koha item type Monograph ( Printed materials)
Holdings
Withdrawn status Lost status Source of classification or shelving scheme Damaged status Not for loan Collection code Home library Current library Shelving location Date acquired Total Checkouts Full call number Barcode Date last seen Price effective from Koha item type
    Library of Congress Classification     Main Collection ARRUPE LIBRARY ARRUPE LIBRARY Main Collection 13/03/2015   PN3171 .B64 46500002748 27/03/2019 13/03/2015 Monograph ( Printed materials)

 

Arrupe Library. PO Box MP320 Mt Pleasant, Harare, Zimbabwe
263 242 745411|librarian@aju.ac.zw